000 00885nam a2200217 i 4500
001 181937
003 ES-MaACL
005 20250823063128.0
008 130508s2008 sp a |||| | spa d
080 _a821.134.2-14"19"
100 1 _aGonzález Castro, Andreu,
_d1974-
_9152741
245 1 0 _aManiobras diversivas /
_cAndrés González Castro ; presentación de Aitor L. Larrabide ; prólogo de Iván Sánchez Moreno.
260 _aOrihuela :
_bFundación Cultural Miguel Hernández,
_c[2008]
300 _a70 p. :
_bil. ;
_c20 cm.
500 _a"Premio Nacional de Poesía Fundación Cultural Miguel Hernández 2005"--Verso de portada.
700 1 _aLarrabide Achútegui, Aitor Luis.
_970291
700 1 _aSánchez Moreno, Iván.
_9152742
852 _aES-MaACL
_jA-12634
_9188845
_bR.148872
_cDEPO1
_dOlim: N-5635
942 _2udc
_cMONOGRAFIA
999 _c181937
_d181937